Loading...
| Fine Arts - Painting & Sculpture | 0 | 7 | 0 | 0 | 70 | 41 | 86.29 | 2 | 7 | 0.00 | 0.00 |
| Literature - British | 0 | 3 | 0 | 0 | 30 | 83 | 105.33 | 1 | 3 | 10.52 | 12.50 |
| History - American | 0 | 2 | 0 | 0 | 20 | 47 | 57.50 | 2 | 2 | 6.68 | 8.33 |
| History - Other | 0 | 2 | 1 | 1 | 15 | 76 | 102.00 | 0 | 2 | 6.74 | 8.33 |
| Mythology | 0 | 2 | 1 | 0 | 15 | 91 | 105.00 | 1 | 2 | 0.00 | 0.00 |
| Science - Other | 0 | 1 | 0 | 0 | 10 | 73 | 73.00 | 1 | 1 | 2.39 | 8.33 |
| Fine Arts - Other | 0 | 1 | 0 | 0 | 10 | 90 | 90.00 | 1 | 1 | 0.00 | 0.00 |
| History - European | 0 | 2 | 2 | 1 | 10 | 57 | 101.00 | 0 | 2 | 11.32 | 29.17 |
| Literature - American | 0 | 1 | 0 | 0 | 10 | 81 | 81.00 | 1 | 1 | 5.77 | 8.33 |
| Literature - World | 0 | 1 | 0 | 0 | 10 | 78 | 78.00 | 1 | 1 | 8.25 | 20.83 |
| Religion | 0 | 1 | 0 | 0 | 10 | 64 | 64.00 | 1 | 1 | 0.00 | 0.00 |
| Fine Arts - Classical Music | 0 | 1 | 0 | 0 | 10 | 92 | 92.00 | 0 | 1 | 0.00 | 0.00 |
| Other | 0 | 1 | 0 | 0 | 10 | 65 | 65.00 | 0 | 1 | 0.00 | 0.00 |
| Literature - European | 0 | 0 | 1 | 0 | -5 | 0.00 | 0 | 0 | 0.00 | 0.00 | |
| Science - Biology | 0 | 0 | 1 | 0 | -5 | 0.00 | 0 | 0 | 0.00 | 0.00 |